Корреляционные эффекты в процессах множественной ионизации атомов: автореферат диссертации на соискание ученой степени доктора физико-математических наук

Bibliographic Details
Main Author: Килин В. А. Виктор Андреевич
Corporate Author: Томский государственный университет
Other Authors: Амусья М. Я. Мирон Янкелевич (научный консультант)
Summary:Заглавие с титульного экрана
Электронная версия печатной публикации
Language:Russian
Published: Томск, [Б. и.], 2004
Subjects:
Online Access:http://www.lib.tpu.ru/fulltext/a/2004/27.pdf
Format: Electronic Book
KOHA link:https://koha.lib.tpu.ru/cgi-bin/koha/opac-detail.pl?biblionumber=77793

MARC

LEADER 00000nlm0a2200000 4500
001 77793
005 20250225063226.0
035 |a (RuTPU)RU\TPU\book\83395 
090 |a 77793 
100 |a 20050529d2004 k y0rusy50 ca 
101 0 |a rus 
102 |a RU 
105 |a a dm 001zy 
135 |a drbn ---uucaa 
181 0 |a i  
182 0 |a b 
200 1 |a Корреляционные эффекты в процессах множественной ионизации атомов  |e автореферат диссертации на соискание ученой степени доктора физико-математических наук  |f В. А. Килин  |g Томский государственный университет; науч. конс.: М. Я. Амусья 
203 |a Текст  |c электронный 
210 |a Томск  |c [Б. и.]  |d 2004 
215 |a 1 файл (1275 Kb) 
300 |a Заглавие с титульного экрана 
300 |a Электронная версия печатной публикации 
337 |a Adobe Reader 
610 1 |a атомы 
610 1 |a расчет 
610 1 |a многоэлектронные атомы 
610 1 |a атомная физика 
610 1 |a корреляция 
610 1 |a авторефераты диссертаций 
610 1 |a электронный ресурс 
610 1 |a труды учёных ТПУ 
610 1 |a ионизация 
610 1 |a ионизационные процессы 
610 1 |a ионизованные атомы 
675 |a 539.183(04)  |v 3 
686 |a 01.04.02  |2 oksvnk 
700 1 |a Килин  |b В. А.  |c математик  |c профессор Томского политехнического университета, доктор физико-математических наук  |f 1949-  |g Виктор Андреевич  |9 14485 
702 1 |a Амусья  |b М. Я.  |g Мирон Янкелевич  |4 695 
712 0 2 |a Томский государственный университет  |c 1917-2009  |7 ca  |8 rus  |3 (RuTPU)RU\TPU\col\376  |9 23396 
801 1 |a RU  |b 63413507  |c 20050529  |g PSBO 
801 2 |a RU  |b 63413507  |c 20060629  |g PSBO 
856 4 |u http://www.lib.tpu.ru/fulltext/a/2004/27.pdf 
942 |c CF